| 000 | 00000cam 2200000zi 4500 |
| 001 | 9.835311 |
| 003 | CaOODSP |
| 005 | 20260515162013 |
| 006 | m o d f |
| 007 | cr mn||||||||| |
| 008 | 170418e19780929oncd o f000 0 eng d |
| 040 | |aCaOODSP|beng|erda|cCaOODSP |
| 043 | |an-cn--- |
| 086 | 1 |aNH15-577/1978E-PDF |
| 100 | 1 |aThompson, Murray, |eauthor. |
| 245 | 12|aA report on clients living in non-profit and cooperative housing in Canada, 1977 / |cMurray Thompson, Roy McCulloch. |
| 264 | 1|aOttawa : |bProgram Evaluation Unit, Corporate Planning Division, Central Mortgage and Housing Corporation, |cSeptember 29, 1978. |
| 300 | |a1 online resource (vi, 62 pages) : |bgraphs |
| 336 | |atext|btxt|2rdacontent |
| 337 | |acomputer|bc|2rdamedia |
| 338 | |aonline resource|bcr|2rdacarrier |
| 500 | |aDigitized edition from print produced 2015 [for Canada Mortgage and Housing Corporation]. |
| 520 | |a"This report on the tenants of non-profit and cooperative housing built under the National Housing Act in the last five years represents the first attempt to discover nationally the composition of the client group that third sector housing is serving. It describes the tenants and assesses the implications of their composition for program issues such as equity. The report is one of a series which will deal with housing programs in Canada according to whether they attain their objectives, how public subsidies are used to help house Canadians and whether fundamental problems exist with such programs. The non-profit and cooperative report leans heavily upon a national survey of project managers and tenants carried out by the Central Mortgage and Housing Corporation (CMHC) in the summer of 1977. The details of that survey, together with the main results, are contained in the Statistical Handbook accompanying this report. With few exceptions, the response rate to the survey was well beyond our expectations. Our sincerest thanks are therefore extended to the staff of CMHC and managers and tenants of non-profit and cooperative housing projects throughout Canada who made the report possible"--Foreword. |
| 650 | 0|aHousing, Cooperative|zCanada. |
| 650 | 0|aPublic housing|zCanada. |
| 650 | 6|aLogement coopératif|zCanada. |
| 650 | 6|aLogement social|zCanada. |
| 710 | 2 |aCentral Mortgage and Housing Corporation (Canada).|bCorporate Planning Division, |eissuing body. |
| 856 | 40|qPDF|s2.70 MB|uhttps://publications.gc.ca/collections/collection_2026/schl-cmhc/NH15-577-1978-eng.pdf |